| 000 | 00396cam a22001217a 4500 | ||
|---|---|---|---|
| 008 | 180718b1981 xxu||||| |||| 00| 0 eng d | ||
| 082 | _aT41x54 In2 | ||
| 100 | _aKabra, Kamal Nayan | ||
| 245 |
_aThe black economy in India: Problematic and policies _cBy Kamal Nayan Kabra |
||
| 260 |
_aNew Delhi _bIndian Institute of Public Administration _c1981 |
||
| 300 | _a250p. | ||
| 650 | _aBlack market --India | ||
| 999 |
_c475678 _d475678 |
||